| 000 | 00000nam##2200000za#4500 |
| 001 | 9.662277 |
| 003 | CaOODSP |
| 005 | 20231123084324 |
| 007 | ta |
| 008 | 150407|2000||||xxc||||| f|0| 0 eng|d |
| 020 | |a0-662-65317-3 |
| 040 | |aCaOODSP|beng |
| 041 | |aeng |
| 041 | |afre |
| 043 | |an-cn--- |
| 086 | 1 |aE2-195/2000 |
| 110 | 1 |aCanada. |bForeign Affairs and International Trade Canada. |
| 245 | 10|aGovernment response to the Standing Committee on Foreign Affairs and International Trade (SCFAIT) : |breviewing the Export Development Act |
| 260 | |aOttawa - Ontario : |bForeign Affairs and International Trade |c2000. |
| 300 | |aEnglish text, 16p. ; |c28 cm. |
| 546 | |aBilingual |
| 563 | |aSoftcover |
| 590 | |a00-43|b2000-10-27 |
| 690 | 07|aExports|2gcpds |
| 690 | 07|aEconomic policy|2gcpds |
| 690 | 07|aCredit|2gcpds |
| 776 | 0#|tRéponse du gouvernement au Comité permanent des Affaires étrangères et du Commerce international (CPAECI) - examen de la Loi sur l'expansion des exportations |w(CaOODSP)9.637724 |
| 776 | 0#|tGovernment response to the Standing Committee on Foreign Affairs and International Trade (SCFAIT) - reviewing the Export Development Act |w(CaOODSP)9.693548 |
| 792 | |tRéponse du gouvernement au Comité permanent des affaires étrangères et du commerce international (CPAECI) : |efre|w(CaOODSP)9.662278 |